Bahai Faith (Record no. 3075)

MARC details
000 -LEADER
fixed length control field 00664nam a2200253 a 4500
020 ## - INTERNATIONAL STANDARD BOOK NUMBER
ISBN 0878082
082 00 - DEWEY DECIMAL CLASSIFICATION NUMBER
Classification number 297.93
Author Cutter MIL1
100 ## - MAIN ENTRY--AUTHOR NAME
Author name Miller, William Mc Elwee
245 ## - TITLE STATEMENT
Title Bahai Faith
Sub title Its History and Teachings
260 ## - PUBLICATION, DISTRIBUTION, ETC. (IMPRINT)
Place of publication California
Name of publisher William Carey Library
Year of publication 1974
300 ## - PHYSICAL DESCRIPTION
Number of Pages 443p
500 ## - GENERAL NOTE
General note includes index and biblioraphy
505 2# - FORMATTED CONTENTS NOTE
Formatted contents note Glossary,index
650 ## - SUBJECT ADDED ENTRY--TOPICAL TERM
Topical Term Al-Kitab Al-Aqdas
650 ## - SUBJECT ADDED ENTRY--TOPICAL TERM
Topical Term Bahai Faith
942 ## - ADDED ENTRY ELEMENTS (KOHA)
Koha item type Books
700 1# -
-- Miller, William Mc Elwee
Holdings
Home library Current library Date acquired Cost, normal purchase price Full call number Accession Number Koha item type
Henry Martyn Institute Library Henry Martyn Institute Library 07/02/2007 100.00 297.93 MIL1 07461 E-Books
                   Copyright © 2026 | Henry Martyn Institute | Hyderabad | TS-500052 | INDIA | Implemented by hmi.edu.in
Hit-Count:

Powered by Koha